000 00938nas a2200289 4500
001 BR2013007657
003 BR-BrBNA
005 20231205123000.0
007 ta
008 230509b bl.|||p| |||| 00| 00por d
040 _aBR-BrBNA
_bpor
_cBiblioteca Nacional de Agricultura
041 _a(Pt)
072 _aH10
100 1 _aFernandes, A.P.
100 1 _aFerreira, M. da C.
100 1 _aOliveira, C.A.L. de
245 1 _aEficiência de diferentes ramais de pulverização e volumes de calda no controle de Brevipalpus phoenicis na cultura do café
650 _aCAFÉ
650 _aÁCARO
650 _aBREVIPALPUS PHOENICIS
650 _aPULVERIZAÇÃO
650 _aCONTROLE QUÍMICO
650 _aMÉTODO ESTATÍSTICO
773 0 _tRevista Brasileira de Entomologia (Brazil)
_xISSN 0085-5626
_g(Jan -Mar 2010), v. 54(1) p. 130-135
_wBR2013007657
909 _a202311
_bLúcia
_c55
_dLúcia Elande
942 _2AGRIS
_n0
_cANA
999 _c231598
_d231598